000
00252nam a22000857a 4500
008
160720b xxu||||| |||| 00| 0 eng d
100
_9
3083
_a
Malhotra, S
245
_a
Fun With Mental Mathematics : Teacher's Copy - 6
260
_a
New Delhi
_b
Frank Bro
_c
2006
999
_c
2645
_d
2645